000 00490nab a2200145Ia 4500
003 ES-SlBCS
005 20210601133733.0
008 140529s1997 xxu||||| |||| 00| 0 por d
041 _apor
100 1 _aSoares, Rosemary Dore
_9208962
245 0 2 _aA Escola unitária e o papel da filosofia da educaçao na nova ordem mundial
_c Rosemary Dore Soares
650 0 4 _aEscuela Unitaria
_9127559
773 0 _tEducaçao e Filosofia
_gvol. 11, nº. 21-22, 1997, págs. 57-76
_wRev1534
942 _cAR
999 _c601317
_d601317